000 01292nam a2200325 i 4500
001 186676
003 SpMaBN
005 20231210163539.0
008 170131s2015 sp ad |||| | spa d
020 _a978-84-16270-18-7
080 _a616.15-053.2
080 _a616-006-053.2
245 0 0 _aHematología y oncología pediátricas /
_cLuis Madero López, Álvaro Lassaletta Atienza, Julián Sevilla Navarro ; [autores, Tomás Acha García ... et al.].
250 _a3ª ed.
260 _aMajadahonda, Madrid :
_bErgon,
_c2015.
300 _a849 p. :
_bil. col. y n., gráf. ;
_c30 cm.
500 _aÍndice.
504 _aReferencias bibliográficas.
650 0 7 _aHematología pediátrica.
_9161618
650 7 _aOncología.
_915704
700 1 _aMadero López, Luis.
_9161615
700 1 _aLassaletta Atienza, Álvaro.
_9161616
700 1 _aSevilla Navarro, Julián.
_9161617
852 _aES-MaACL
_jA-13976
_9193733
_bR.151349
_cDEPO1
_dOlim: N-6976
_gDedicatoria autógrafa
_hDonación: Luis Madero López, Álvaro Lassaletta Atienza, Julián Sevilla Navarro
903 _9161615
_aMadero López, Luis
_ednr
903 _9161616
_aLassaletta Atienza, Álvaro
_ednr
903 _9161617
_aSevilla Navarro, Julián
_ednr
942 _2udc
_cMONOGRAFIA
999 _c186676
_d186676